Pays finissant par E - Statistiques

Statistiques générales
  • Ce quiz a été pris 1 111 fois
    1 060 depuis la dernière actualisation
  • Le résultat moyen est 60 sur 86
Statistiques - réponses
Continent Pays % Correct
Europe France
93%
Europe Allemagne
91%
Océanie Australie
89%
Europe Espagne
89%
Europe Russie
88%
Asie Chine
87%
Afrique Algérie
86%
Europe Italie
86%
Europe Belgique
84%
Europe Finlande
83%
Europe Irlande
83%
Europe Suède
83%
Amérique Argentine
82%
Europe Estonie
81%
Europe Lituanie
81%
Amérique Mexique
81%
Europe Albanie
80%
Asie Inde
80%
Europe Islande
80%
Europe Norvège
80%
Europe Suisse
80%
Europe Autriche
79%
Europe Grèce
78%
Europe Lettonie
78%
Asie Turquie
78%
Afrique Egypte
77%
Europe Pologne
77%
Europe Roumanie
77%
Afrique Tunisie
77%
Europe Andorre
76%
Europe Bulgarie
76%
Europe Hongrie
76%
Océanie Nouvelle Zélande
76%
Europe Croatie
75%
Europe Slovaquie
75%
Amérique Bolivie
74%
Amérique Colombie
74%
Europe Slovénie
74%
Asie Arménie
73%
Europe Biélorussie
73%
Asie Indonesie
73%
Afrique Libye
72%
Europe Ukraine
72%
Afrique Ethiopie
71%
Afrique Guinée
71%
Asie Mongolie
71%
Asie Arabie Saoudite
70%
Europe Serbie
70%
Europe Malte
69%
Afrique Zambie
69%
Afrique Somalie
68%
Europe Bosnie-Herzégovine
67%
Europe Moldavie
67%
Asie Thaïlande
67%
Asie Chypre
66%
Afrique Tanzanie
65%
Afrique Erythrée
64%
Afrique Mauritanie
64%
Afrique Namibie
64%
Asie Syrie
64%
Asie Birmanie
63%
Asie Géorgie
63%
Amérique Jamaique
63%
Asie Jordanie
63%
Afrique Zimbabwe
63%
Amérique Belize
62%
Afrique Cote d'Ivoire
61%
Asie Malaisie
61%
Afrique Gambie
60%
Afrique Mozambique
60%
Asie Cambodge
59%
Afrique Guinée équatoriale
59%
Amérique Dominique
57%
Europe Macédoine
57%
Amérique Barbade
55%
Amérique Suriname
55%
Europe Tchèquie
55%
Amérique République Dominicaine
54%
Océanie Micronésie
53%
Amérique Grenade
50%
Océanie Papouasie-Nouvelle-Guinée
50%
Amérique Sainte-Lucie
50%
Afrique Maurice
49%
Afrique Sierra Leone
46%
Afrique Sao Tome et Principe
41%
Afrique Centrafrique
39%
Aucun quiz correspondant
Distribution des résultats
% des personnes avec chaque résultat
Percentile par nombre de réponses
Votre historique - résultats
Vous n’avez pas pris ce quiz depuis la dernière actualisation